书目信息 |
| 题名: |
秘书英语口语25天快训
|
|
| 作者: | 许群航 主编 | |
| 分册: | ||
| 出版信息: | 西安 西安交通大学出版社 2002.12 |
|
| 页数: | 195页 | |
| 开本: | 17cm | |
| 丛书名: | ||
| 单 册: | ||
| 中图分类: | H319.9 | |
| 科图分类: | ||
| 主题词: | 英语 | |
| 电子资源: | ||
| ISBN: | 7-5605-1553-3 | |
| 000 | 00559nam0 2200193 45 | |
| 001 | 0439876541 | |
| 005 | 2004042711043640 | |
| 010 | @a7-5605-1553-3@dCNY 7.20 | |
| 100 | @a20040427d2002 km y0chiy0120 ea | |
| 101 | 0 | @achi |
| 102 | @aCN@b610000 | |
| 200 | 1 | @a秘书英语口语25天快训@AMi Shu Ying Yu Kou Yu 25 Tian Kuai Xun@f许群航主编@Fxu qun hang zhu bian |
| 210 | @a西安@c西安交通大学出版社@d2002.12 | |
| 215 | @a195页@d17cm | |
| 606 | 0 | @a英语 |
| 690 | 1 | @aH319.9@v4 |
| 701 | 0 | @a许群航@Axu qun hang@4主编 |
| 801 | 0 | @aCN@bPFT@c20040427 |
| 905 | @dH319.9@eX880 | |
| 秘书英语口语25天快训/许群航主编.-西安:西安交通大学出版社,2002.12 |
| 195页;17cm |
| ISBN 7-5605-1553-3:CNY 7.20 |
| ● |
| 相关链接 |
|
|
|
正题名:秘书英语口语25天快训
索取号:H319.9/X880
 
预约/预借
| 序号 | 登录号 | 条形码 | 馆藏地/架位号 | 状态 | 备注 |
| 1 | 382949 | 203829492 | 语言库209/209语言库 111排1列1层/ [索取号:H319.9/X880] | 在馆 | |
| 2 | 382950 | 203829508 | 语言库209/209语言库 111排1列1层/ [索取号:H319.9/X880] | 在馆 | |
| 3 | 382951 | 203829517 | 语言库209/209语言库 111排1列1层/ [索取号:H319.9/X880] | 在馆 |